MARC

LEADER 00000nam0a2200000 4500
001 171827
005 20231101223003.0
035 |a (RuTPU)RU\TPU\book\186300 
090 |a 171827 
100 |a 20091208d1959 k y0rusy50 ca 
101 0 |a rus 
102 |a RU 
105 |a a z 001zy 
200 1 |a Материалы по геологии и нефтегазоносности Средней Азии  |f Всесоюзный научно-исследовательский геологоразведочный нефтяной институт (ВНИГНИ) ; под ред. Г. Х. Дикенштейна 
210 |a Ленинград  |c Гостоптехиздат  |d 1959 
215 |a 222 с.  |c ил. 
225 1 |a Труды Всесоюзного научно-исследовательского геологоразведочного нефтяного института (ВНИГНИ)  |v Вып. 23 
320 |a Библиогр.: с. 220-222. 
606 1 |a Нефтегазоносность  |2 stltpush  |3 (RuTPU)RU\TPU\subj\45590  |9 64783 
610 1 |a геология 
610 1 |a нефтегазоносность 
610 1 |a Средняя Азия 
610 1 |a геологическое строение 
610 1 |a стратиграфия 
610 1 |a литология 
610 1 |a фации 
610 1 |a перспективы 
610 1 |a оценка 
610 1 |a Таджикистан 
610 1 |a Приаралье 
610 1 |a Ферганская долина 
675 |a 553.98(575)  |v 3 
675 |a 55(575)  |v 3 
702 1 |a Дикенштейн  |b Г. Х.  |4 340 
712 0 2 |a Всесоюзный научно-исследовательский геологоразведочный нефтяной институт (ВНИГНИ)  |2 stltpush  |3 (RuTPU)RU\TPU\col\18350 
801 1 |a RU  |b 63413507  |c 20091208 
801 2 |a RU  |b 63413507  |c 20141121  |g RCR 
942 |c BK